| 000 | 00354nam a2200145Ia 4500 | ||
|---|---|---|---|
| 008 | 191201s1013 xx 000 0 und d | ||
| 082 |
_a629.2 _bSIA |
||
| 100 | _aSINGH, Kirpal | ||
| 245 | 0 | _aAutomobile Engineering Vol-1 | |
| 250 | _aRep. 11 | ||
| 260 |
_aN. Delhi _bStandard Publisher _c1013 |
||
| 300 | _a739 | ||
| 650 | _aB.Tech(ME) | ||
| 942 |
_2ddc _cBK |
||
| 999 |
_c3977 _d3977 |
||